000 00846cam a22002531 4500
001 sa 68006019
003 DLC
005 20260227112513.0
008 681211s1966 pk a b 000 0 eng
010 _asa 68006019
025 _aPL480:P-E-1381
040 _aDLC
_cDLC
_dDLC
050 0 0 _aKB632
_b.B34 1966
100 1 _aBagvi, Malik Bashir Ahmad.
245 1 2 _aA learner's guide to the division of inheritance:
_bHanafi.
250 _a[1st ed.]
260 _aRawalpindi,
_bPakistan Research Centre
_c[1966]
300 _a204 p.
_billus. (in pocket)
_c22 cm.
350 _aRs. 7.25
500 _aCover title: A learner's guide to the division of inheritance (Hanafi, Shia, Jafaria, Hindu)
504 _aBibliography: p. 105-106.
650 0 _aInheritance and succession (Islamic law)
650 0 _aInheritance and succession (Hindu law)
999 _c81070
_d81070